Termodinámica química elemental
Zapisane w:
| 1. autor: | |
|---|---|
| Format: | Książka |
| Język: | hiszpański |
| Wydane: |
Barcelona
Reverté
1969
|
| Hasła przedmiotowe: | |
| Etykiety: |
Dodaj etykietę
Nie ma etykietki, Dołącz pierwszą etykiete!
|
MARC
| LEADER | 00000nam a2200000 a 4500 | ||
|---|---|---|---|
| 001 | UCT4088 | ||
| 003 | CL-VaPUC | ||
| 008 | 961108e19690000SP |||||||||||||||||spa|d | ||
| 082 | 0 | 4 | |a 541.369 |b MAH |2 21 |
| 100 | |a Mahan, Bruce H. |e autor |9 373214 | ||
| 245 | 1 | 0 | |a Termodinámica química elemental |
| 300 | |a 149 p | ||
| 942 | |c BK | ||
| 945 | |d 19961108 00:00:00 |a paguirre | ||
| 260 | |a Barcelona |b Reverté |c 1969 | ||
| 650 | 0 | |a Termodinámica |9 259320 | |
| 650 | 0 | |a Química |9 259896 | |
| 650 | 7 | |a TEMPERATURA |2 CL-VaPUC |9 373215 | |
| 650 | 0 | |a Termoquímica |9 337401 | |
| 650 | 0 | |a Calor específico |9 259409 | |
| 650 | 0 | |a Estados de la Materia |9 347141 | |
| 650 | 0 | |a Gases |9 260945 | |
| 650 | 0 | |a Entropía |9 262675 | |
| 650 | 7 | |a ENERGIA QUIMICA |2 CL-VaPUC |9 373216 | |
| 583 | |a last modification |c 19961108 00:00:00 |k Rodrigo Vera | ||
| 999 | |c 253530 |d 253528 | ||
| 952 | |0 0 |1 0 |4 0 |6 541_369000000000000_MAH_1969 |7 0 |8 A |9 274428 |a BIBCUR |b BIBCUR |d 2019-11-19 |i 1786393 |o 541.369 MAH 1969 |p 1786393 |r 2025-04-22 |w 2019-11-19 |y BK |k QUI | ||